Statistics for Movie Poster Mix-Up #8

Click here to take the quiz!

General Stats

  • This quiz has been taken 516 times
  • The average score is 3 of 12

Answer Stats

Answer% Correct
Arrival
63%
Oliver & Company
39%
A Haunting in Venice
33%
Precious
32%
Carol
23%
What's Love Got to Do with It
23%
Greyhound
16%
Manhunter
16%
The 13th Warrior
16%
Get Carter
13%
The Omega Man
11%
Being Flynn
5%

Score Distribution

Percentile by Number Answered

Percent of People with Each Score

Your Score History

You have not taken this quiz